| 000 | 01071nam a2200265 i 4500 | ||
|---|---|---|---|
| 001 | 13984 | ||
| 003 | ES-MaACL | ||
| 005 | 20230906150714.0 | ||
| 007 | t| | ||
| 008 | 980826s1998 sp ||||1| spa d | ||
| 020 | _a84-7820-401-6 | ||
| 080 | _a32 Costa, Joaquín | ||
| 100 | 1 |
_aMateos y de Cabo, Oscar Ignacio. _978990 |
|
| 245 | 1 | 0 |
_aNacionalismo español y europeísmo en el pensamiento de Joaquín Costa _b: 98 y proyecto de modernización de España / _cÓscar Ignacio Mateos y de Cabo. |
| 260 |
_aZaragoza : _bInstitución "Fernando el Católico", _c1998. |
||
| 300 |
_a211 p. ; _c24 cm. |
||
| 490 | 1 |
_aPublicación de la Institución "Fernando el Católico" ; _v1891 |
|
| 600 | 1 | 4 |
_aCosta, Joaquín, _d1846-1911- _xPensamiento político _941057 |
| 650 | 4 |
_aNacionalismo- _zEspaña- _yS.XIX. _915450 |
|
| 650 | 4 |
_aEuropeísmo- _zEspaña. _912613 |
|
| 710 | 2 |
_aInstitución "Fernando el Católico" _94721 |
|
| 830 | 1 | 0 |
_aPublicación ... de la Institución Fernando el Católico _v1891 _9233871 |
| 852 |
_aES-MaACL _jL-21273 |
||
| 999 |
_c13984 _d13984 |
||